000 00879nam a2200217 i 4500
001 114811
003 ES-MaACL
005 20251122063122.0
007 t|
008 070330s1925 sp ||||1| spa d
080 _a929 Valera, Juan
100 1 _aRodríguez Marín, Francisco,
_d1855-1943
_998634
245 1 0 _aDon Juan Valera, epistológrafo :
_bconferencia dada en la sala de actos de la Real Academia Española, en la noche del 12 de diciembre de 1924 /
_cpor Francisco Rodríguez Marín.
260 _aMadrid :
_b[s.n.],
_c1925 (
_fTip. de la Revista de Archivos, Bibliotecas y Museos)
300 _a32 p. ;
_c19 cm.
594 _aPrecede al tít.: Centenario del nacimiento de Valera.
600 1 4 _aValera, Juan,
_d1824-1905-
_vCorrespondencia
_9112640
710 2 _aReal Academia Española
_96336
852 4 _aES-MaACL
_j1681-F-11
999 _c114811
_d114811